书目信息 |
| 题名: |
日本语初级听说教程
|
|
| 作者: | 侯仁锋 主编 | |
| 分册: | ||
| 出版信息: | 北京 高等教育出版社 2002.08 |
|
| 页数: | 133页 | |
| 开本: | 29cm | |
| 丛书名: | ||
| 单 册: | ||
| 中图分类: | H369.9 | |
| 科图分类: | ||
| 主题词: | 日语 | |
| 电子资源: | ||
| ISBN: | 7-04-010786-4 | |
| 000 | 00595nam0 2200205 450 | |
| 001 | 0538077432 | |
| 005 | 20050331103643.64 | |
| 010 | @a7-04-010786-4@dCNY 17.80 | |
| 100 | @a20050331d2002 km y0chiy0120 ea | |
| 101 | 0 | @achi |
| 102 | @aCN@b110000 | |
| 200 | 1 | @a日本语初级听说教程@Ari ben yu chu ji ting shuo jiao cheng@f侯仁锋主编@Fhou ren feng zhu bian |
| 210 | @a北京@c高等教育出版社@d2002.08 | |
| 215 | @a133页@d29cm | |
| 300 | @a二外 成人 自学 | |
| 606 | 0 | @a日语 |
| 690 | @aH369.9@v3 | |
| 701 | 0 | @a侯仁锋@Ahou ren feng@4主编 |
| 801 | 0 | @aCN@bPFT@c20050331 |
| 905 | @a10447@dH369.9@eH4291 | |
| 日本语初级听说教程/侯仁锋主编.-北京:高等教育出版社,2002.08 |
| 133页;29cm |
| 二外 成人 自学 |
| ISBN 7-04-010786-4:CNY 17.80 |
| ● |
| 相关链接 |
|
|
|
正题名:日本语初级听说教程
索取号:H369.9/H4291
 
预约/预借
| 序号 | 登录号 | 条形码 | 馆藏地/架位号 | 状态 | 备注 |
| 1 | 440501 | 204405018 | 语言库209/ [索取号:H369.9/H4291] | 在馆 | |
| 2 | 440502 | 204405027 | 语言库209/209语言库 133排2列2层/ [索取号:H369.9/H4291] | 在馆 | |
| 3 | 440503 | 204405036 | 语言库209/209语言库 133排2列2层/ [索取号:H369.9/H4291] | 在馆 |